000 01013nam a2200289 4500
003 EC-UNACH
006 s||||gr|||| 00| 00
008 150116t9999 mx r gr 000 0 spa d
020 _a950-724-190-6
040 _aEC-UNACH
_cEC-UNACH
041 _aspa
082 0 4 _223
_a371.36
_bL018656
100 _aAntunes, Celso
245 _aManual de técnicas
_bDe dinámica de grupo, de sensibilización y lúdico-pedagógicas
250 _aPrimera Edición
264 _aArgentina
_bEditorial LUMEN
_c1999
300 _a228 paginas
_bGráficos
_c21 cm.
500 _aEste libro representa el producto de una experiencia de veinticinco años en trabajos de dinámica de grupo en escuelas de primer, segundo y tercer nivel
505 _aTécnicas Pedagógicas.- Técnicas Lúdico - Pedagógicas
650 _aRESULTADOS
650 _aTECNICAS
650 _aETAPAS
942 _2ddc
_c1
999 _c14467